Goethes Faust (Record no. 6756)

MARC details
000 -CABECERA
campo de control de longitud fija 00644nam a2200217 a 4500
001 - NÚMERO DE CONTROL
campo de control BRCA_7075
005 - FECHA Y HORA DE LA ÚLTIMA TRANSACCIÓN
campo de control 20190320205714.0
008 - DATOS DE LONGITUD FIJA--INFORMACIÓN GENERAL
campo de control de longitud fija 071211s1900----gw-#######---#000-0#ger-#b.G64 2c1900
245 10 - MENCIÓN DE TÍTULO
Título Goethes Faust
Mención de responsabilidad, etc. textrevision von Hans Gerhard Gräf
250 ## - MENCIÓN DE EDICIÓN
Mención de edición 2
260 ## - PUBLICACIÓN, DISTRIBUCIÓN, ETC.
Lugar de publicación, distribución, etc. Leipzig
Nombre del editor, distribuidor, etc. Inselverlag
Fecha de publicación, distribución, etc. [1---?]
300 ## - DESCRIPCIÓN FÍSICA
Extensión 572 p.
Dimensiones 17 cm.
500 ## - NOTA GENERAL
Nota general Título encubierta: Goethes Faust gesamtausgabe
500 ## - NOTA GENERAL
Nota general Estado físico: lomo y cubiertas desprendidas
500 ## - NOTA GENERAL
Nota general Ver también O33
500 ## - NOTA GENERAL
Nota general O43
650 14 - PUNTO DE ACCESO ADICIONAL DE MATERIA--TÉRMINO DE MATERIA
Término de materia o nombre geográfico como elemento de entrada Literatura Alemana
9 (RLIN) 6160
700 1# - PUNTO DE ACCESO ADICIONAL--NOMBRE DE PERSONA
Nombre de persona Gräf, Hans Gerhard
Término indicativo de función/relación tx.
9 (RLIN) 17591
902 ## - CATALOGADOR
Iniciales GFM
942 ## - ELEMENTOS DE PUNTO DE ACCESO ADICIONAL (KOHA)
Fuente del sistema de clasificación o colocación Library of Congress Classification
Tipo de ítem Koha Libros
Holdings
Estado de retiro Estado de pérdida Estado dañado No para préstamo Localización permanente Ubicación/localización actual Fecha de adquisición Número de inventario Total de préstamos Signatura topográfica completa Código de barras Fecha visto por última vez Precio válido a partir de Tipo de ítem Koha
El ejemplar forma parte de la colección y puede ser consultado según las políticas vigentes.       Biblioteca del Museo Franz Mayer (Rogerio Casas-Alatriste) Biblioteca del Museo Franz Mayer (Rogerio Casas-Alatriste) 08/12/2011 O43   (O43) 7522 22/03/2019 22/03/2019 Libros